Popular - Wicked Lyrics - Statistics

General Stats
  • This quiz has been taken 384 times
    108 since last reset
  • The average score is 282 of 370
Answer Stats
Answer % Correct
a
97%
I
97%
popular
97%
you
97%
be
96%
go
94%
your
94%
an
93%
and
93%
the
92%
to
92%
do
90%
me
90%
it
89%
know
89%
when
89%
will
89%
gonna
87%
so
87%
that
87%
wear
87%
don't
86%
what
86%
have
85%
in
85%
it's
85%
make
85%
my
85%
who
85%
you're
85%
I'll
83%
as
82%
see
82%
they
82%
about
80%
how
80%
let's
80%
new
80%
of
80%
really
80%
than
80%
way
80%
we're
80%
were
80%
la
79%
not
79%
someone
79%
at
77%
I've
77%
you'll
77%
face
76%
good
76%
project
76%
right
76%
start
76%
fortunate
75%
I'm
75%
less
75%
now
75%
over
75%
shoes
75%
sports
75%
take
75%
though
75%
hair
73%
isn't
73%
need
73%
with
73%
boys
72%
counts
72%
everything
72%
got
72%
makeover
72%
proper
72%
talk
72%
teach
72%
all
70%
Elphie
70%
exactly
70%
fix
70%
friends
70%
long
70%
whenever
70%
you've
70%
analysis
69%
case
69%
'cause
69%
heart
69%
needs
69%
tender
69%
that's
69%
think
69%
bleed
68%
follow
68%
frank
68%
lead
68%
simply
68%
succeed
68%
worry
68%
yes
68%
awfully
66%
decided
66%
makes
66%
show
66%
slang
66%
there's
66%
yet
66%
comes
65%
determined
65%
from
65%
help
65%
nice
65%
offended
65%
personality
65%
wiser
65%
by
63%
nobody
63%
toughest
63%
cohorts
62%
even
62%
hang
62%
indeed
62%
or
61%
tends
61%
flirt
59%
laugh
59%
ways
59%
assist
58%
dialysis
58%
sister
58%
them
58%
are
56%
become
56%
did
56%
brains
55%
chosen
55%
creatures
55%
just
55%
well
55%
becoming
54%
depressing
54%
features
54%
instead
54%
on
54%
flounce
52%
great
52%
like
52%
little
52%
pal
52%
quite
52%
remind
52%
stop
52%
communicators
51%
heads
51%
viewed
51%
advisor
49%
can
49%
nothing
49%
state
49%
disinterest
46%
protest
46%
very
46%
celebrated
45%
their
45%
aptitude
44%
dreary
44%
knowledge
42%
lar
42%
own
42%
popularity
41%
ploys
38%
shrewd
37%
bear
34%
grin
34%
unprepossessing
34%
found
32%
ooh
32%
aah
31%
specially
30%
elphaba
27%
look
27%
why
24%
beautiful
23%
behalf
23%
clandestinely
20%
welcome
20%
miss
18%
please
13%
No matching quizzes found
Score Distribution
Percent of People with Each Score
Percentile by Number Answered
Your Score History
You have not taken this quiz since the last reset